[Event "Sparkassen-Open A"]
[Site "Heusenstamm, Martinsee"]
[Date "2025.11.20"]
[Round "1.76"]
[White "Finke, Kelsie Josefine"]
[Black "Schulze, Manfred"]
[Result "1-0"]
[WhiteElo "2070"]
[BlackElo "1844"]
[PlyCount "73"]
[EventDate "2025.11.20"]
[WhiteTeam "SC Garching 1980 e.V."]
[BlackTeam "SC Steinbach"]

1. e4 e5 2. Nf3 Nf6 3. Nxe5 d6 4. Nf3 Nxe4 5. Nc3 Nxc3 6. dxc3 Be7 7. Bf4 Bg4 8. h3 Be6 9. Nd4 Qd7 10. Bb5 c6 11. Bd3 d5 12. Qe2 a5 13. O-O Na6 14. Nxc6 bxc6 15. Bxa6 O-O 16. Bd3 Rfe8 17. Rfe1 a4 18. Qf3 a3 19. b3 Rac8 20. Rad1 Bf5 21. c4 Bb4 22. Rxe8+ Rxe8 23. cxd5 cxd5 24. c4 Bxd3 25. Qxd3 d4 26. Bd2 Bd6 27. b4 Qe7 28. c5 Bc7 29. g3 Rd8 30. Re1 Qd7 31. b5 h6 32. c6 Qxh3 33. Qxa3 d3 34. Qe7 Bb6 35. Re3 Qg4 36. Kg2 Ra8 37. Qd7 1-0

[Event "Sparkassen-Open A"]
[Site "Heusenstamm, Martinsee"]
[Date "2025.11.20"]
[Round "1.77"]
[White "Yasaswi Krishna Bommi"]
[Black "Merz, Leander"]
[Result "1/2-1/2"]
[WhiteElo "1843"]
[BlackElo "2034"]
[PlyCount "149"]
[EventDate "2025.11.20"]
[WhiteTeam "Indien"]
[BlackTeam "Schachforum Darmstadt 1994"]
[WhiteTeamCountry "IND"]

1. Nf3 Nf6 2. g3 d5 3. Bg2 c5 4. d3 Nc6 5. O-O e5 6. e4 Be6 7. Nbd2 Be7 8. exd5 Nxd5 9. Nc4 f6 10. Re1 O-O 11. Ne3 Nb6 12. h4 Qd7 13. Nf1 Rfd8 14. Be3 Nd5 15. Qe2 b5 16. Rad1 Nb6 17. N1d2 Na4 18. Ne4 Nxb2 19. Rb1 Na4 20. Rxb5 Nd4 21. Nxd4 cxd4 22. Rb7 Qe8 23. Bd2 Bd5 24. Rc7 Rd7 25. Rxd7 Qxd7 26. Rb1 Rc8 27. Be1 Bxa2 28. Rb7 Qe6 29. Rxa7 Nc3 30. Bxc3 dxc3 31. Qd1 f5 32. Bh3 g6 33. Qa1 Bb3 34. cxb3 c2 35. Qc1 Qxb3 36. Ra1 Ba3 37. Rxa3 Qxa3 38. Qxa3 c1=Q+ 39. Qxc1 Rxc1+ 40. Kg2 fxe4 41. dxe4 Kf7 42. Kf3 Ke7 43. g4 Rc3+ 44. Kg2 Kd6 45. g5 Kc5 46. f3 Kd4 47. Be6 Ke3 48. Kg3 Ke2 49. Kg2 Ke3 50. Kg3 Rc1 51. Bg8 Rc7 52. Kg4 Rd7 53. Kg3 Re7 54. Kg4 Kf2 55. f4 exf4 56. Kxf4 Kg2 57. e5 Kh3 58. h5 Rg7 59. Bd5 gxh5 60. e6 Kh4 61. Bb3 Rg8 62. Bd5 Rf8+ 63. Ke5 Kxg5 64. e7 Re8 65. Ke6 h4 66. Kf7 Rxe7+ 67. Kxe7 h3 68. Ke6 Kf4 69. Kf6 h5 70. Kg6 h4 71. Kh5 Kg3 72. Kg5 h2 73. Kh5 h3 74. Kg5 Kf2 75. Kg4 1/2-1/2

[Event "Sparkassen-Open A"]
[Site "Heusenstamm, Martinsee"]
[Date "2025.11.20"]
[Round "1.78"]
[White "Paeslack, Luis"]
[Black "Praszczalek, Jakub"]
[Result "1/2-1/2"]
[WhiteElo "2054"]
[BlackElo "1738"]
[PlyCount "81"]
[EventDate "2025.11.20"]
[WhiteTeam "SC Aschaffenburg e.V."]
[BlackTeam "SK Köln-Südwest"]

1. d4 Nf6 2. Bf4 g6 3. Nc3 d5 4. e3 Bg7 5. h4 O-O 6. h5 c5 7. hxg6 hxg6 8. Nf3 Bg4 9. Be2 Nc6 10. Ne5 Bxe2 11. Qxe2 Qa5 12. O-O-O Ne4 13. Nxc6 bxc6 14. Nxe4 dxe4 15. a3 cxd4 16. exd4 Qf5 17. Qe3 Rfd8 18. c3 Qd5 19. Qh3 f6 20. Bh6 Bh8 21. Bf8 Kxf8 22. Qxh8+ Qg8 23. Qh6+ Qg7 24. Qf4 f5 25. g4 Qf6 26. Rh6 Kg7 27. g5 Qd6 28. Qh4 Rg8 29. Rh1 Kf7 30. Rh7+ Ke6 31. Qh6 Kd7 32. Qh2 Qd5 33. Qf4 Rab8 34. Qd2 Rb3 35. Rh8 Rgb8 36. Rxb8 Rxb8 37. Rh6 Qa2 38. Qc2 Qa1+ 39. Qb1 Qxb1+ 40. Kxb1 Rg8 41. Kc2 1/2-1/2

[Event "Sparkassen-Open A"]
[Site "Heusenstamm, Martinsee"]
[Date "2025.11.20"]
[Round "1.79"]
[White "Berberich, Christoph"]
[Black "Sreeramulu, Aarush"]
[Result "0-1"]
[WhiteElo "1839"]
[BlackElo "2064"]
[PlyCount "64"]
[EventDate "2025.11.20"]
[WhiteTeam "SK Freiburg-Zähringen 1887 e.V."]
[BlackTeam "SK Marburg 1931/72"]

1. d4 d5 2. Nf3 Nf6 3. g3 c6 4. Bg2 Bf5 5. O-O e6 6. b3 Bd6 7. Bb2 O-O 8. c4 Nbd7 9. Nbd2 a5 10. Ne5 Bxe5 11. dxe5 Ng4 12. cxd5 exd5 13. e4 dxe4 14. Nxe4 Ndxe5 15. h3 Bxe4 16. Bxe4 Nf6 17. Bxh7+ Kxh7 18. Bxe5 Qxd1 19. Raxd1 Nd5 20. Rd4 Rfe8 21. Bf4 Re2 22. Bd2 Rae8 23. a4 b6 24. Rc1 R8e6 25. Kf1 R2e5 26. Bf4 Rf5 27. Bd2 Rf3 28. Kg2 Rxb3 29. f4 Ne3+ 30. Kf2 Nf5 31. Rdc4 Nxg3 32. Rxc6 Re2+ 0-1

[Event "Sparkassen-Open A"]
[Site "Heusenstamm, Martinsee"]
[Date "2025.11.20"]
[Round "1.80"]
[White "Berkes, Alexander"]
[Black "Gärtner, David"]
[Result "1/2-1/2"]
[WhiteElo "2043"]
[BlackElo "1838"]
[PlyCount "116"]
[EventDate "2025.11.20"]
[WhiteTeam "SK Langen"]
[BlackTeam "Sfr.Mainz 1928"]

1. e4 e6 2. d4 d5 3. exd5 exd5 4. Nf3 Bd6 5. c4 Nf6 6. c5 Be7 7. Bd3 Bg4 8. Qb3 Qc8 9. Ne5 Be6 10. O-O O-O 11. Bg5 Re8 12. Nd2 Nc6 13. Nxc6 bxc6 14. Qa4 h6 15. Bh4 Ne4 16. Nf3 Bxh4 17. Nxh4 Qd7 18. Rfe1 Nd2 19. Qd1 Qd8 20. Nf3 Nxf3+ 21. Qxf3 Qh4 22. Qd1 Bd7 23. Qd2 Qf6 24. Bc2 Bf5 25. Ba4 Be4 26. Re3 Qg6 27. f3 Bf5 28. Rae1 Bd7 29. Bc2 Qf6 30. Rxe8+ Rxe8 31. Rxe8+ Bxe8 32. Qe3 Bd7 33. g3 Kf8 34. Kf2 Bf5 35. Ba4 Bd7 36. Qe5 Qxe5 37. dxe5 Ke7 38. Ke3 Ke6 39. Kd4 Kf5 40. b4 Ke6 41. Bb3 Bc8 42. b5 Bd7 43. bxc6 Bxc6 44. f4 Bb7 45. Bxd5+ Bxd5 46. f5+ Kxf5 47. Kxd5 g5 48. h3 h5 49. c6 h4 50. g4+ Kf4 51. e6 fxe6+ 52. Kxe6 Kg3 53. Kd7 Kxh3 54. Kxc7 Kg3 55. Kb8 h3 56. c7 h2 57. c8=Q h1=Q 58. Kxa7 Qg1+ 1/2-1/2

[Event "Sparkassen-Open A"]
[Site "Heusenstamm, Martinsee"]
[Date "2025.11.20"]
[Round "1.81"]
[White "Alt, Johannes"]
[Black "Stein, Marco"]
[Result "1/2-1/2"]
[WhiteElo "1836"]
[BlackElo "2059"]
[PlyCount "81"]
[EventDate "2025.11.20"]
[WhiteTeam "Sfr.Heidesheim"]
[BlackTeam "SV Alsfeld"]

1. d4 Nf6 2. Nf3 g6 3. c4 Bg7 4. Nc3 O-O 5. e4 d6 6. Be2 Bg4 7. Be3 Nbd7 8. O-O e5 9. d5 Ne8 10. Ne1 Bxe2 11. Qxe2 f5 12. f3 f4 13. Bf2 g5 14. b4 Qf6 15. c5 Qg6 16. Qb5 Nef6 17. Qxb7 g4 18. fxg4 Nxe4 19. Nxe4 Qxe4 20. cxd6 Nf6 21. dxc7 Qxd5 22. Qxd5+ Nxd5 23. Rc1 Rfc8 24. a3 Rxc7 25. Rxc7 Nxc7 26. g3 fxg3 27. Bxg3 Nb5 28. Rf5 Nd4 29. Rf2 e4 30. Nc2 Rc8 31. Ne3 Rc3 32. Nd5 Rxa3 33. Nf6+ Bxf6 34. Rxf6 e3 35. Rd6 Ra1+ 36. Kg2 Ra2+ 37. Kh3 Nf3 38. Rd3 Ng1+ 39. Kh4 Nf3+ 40. Kh3 Ng1+ 41. Kh4 1/2-1/2

[Event "Sparkassen-Open A"]
[Site "Heusenstamm, Martinsee"]
[Date "2025.11.20"]
[Round "1.82"]
[White "Waffenschmidt, Joachim"]
[Black "Liu, Jonas"]
[Result "1-0"]
[WhiteElo "2024"]
[BlackElo "1836"]
[PlyCount "65"]
[EventDate "2025.11.20"]
[WhiteTeam "SV 1920 Hofheim"]
[BlackTeam "SV Oberursel"]

1. d4 d5 2. c4 e6 3. Nf3 Nf6 4. Nc3 c6 5. e3 Be7 6. Be2 O-O 7. O-O Nbd7 8. b3 Qc7 9. Bb2 Rd8 10. Qc2 Nf8 11. Rac1 Ng6 12. Rfd1 Bd7 13. e4 dxe4 14. Nxe4 Nf4 15. Bf1 Nxe4 16. Qxe4 Bf6 17. Ne5 Bg5 18. Rc3 Be8 19. h4 f5 20. Qe1 Bxh4 21. g3 Bh5 22. Nf3 e5 23. Nxh4 Bxd1 24. gxf4 exd4 25. Rg3 Bg4 26. f3 Re8 27. Qf2 Qd8 28. fxg4 Qxh4 29. gxf5 Qh6 30. Bxd4 g6 31. fxg6 hxg6 32. Rh3 Qf8 33. Rh8+ 1-0

[Event "Sparkassen-Open A"]
[Site "Heusenstamm, Martinsee"]
[Date "2025.11.20"]
[Round "1.83"]
[White "Diehl, Stefan"]
[Black "Reitz, Philipp"]
[Result "0-1"]
[WhiteElo "1832"]
[BlackElo "2046"]
[PlyCount "76"]
[EventDate "2025.11.20"]
[WhiteTeam "SC 1910 Höchst"]
[BlackTeam "VfR-SC Koblenz"]

1. f4 c6 2. Nf3 d5 3. b3 Nf6 4. e3 Bg4 5. h3 Bxf3 6. Qxf3 Nbd7 7. g4 e5 8. g5 Ne4 9. a3 exf4 10. exf4 h6 11. d3 Qa5+ 12. Nd2 Qc3 13. Ra2 Nd6 14. Kd1 Nf5 15. Bb2 Qc5 16. b4 Qe7 17. Nb3 O-O-O 18. h4 hxg5 19. hxg5 Qe3 20. Be2 Rxh1+ 21. Qxh1 Ng3 22. Qf3 Qg1+ 23. Kd2 Re8 24. Nc1 g6 25. Ra1 Bd6 26. c3 Qh2 27. c4 dxc4 28. dxc4 Nf5 29. Nd3 Re3 30. Rh1 Rxe2+ 31. Qxe2 Qxh1 32. Qe8+ Kc7 33. Be5 Qg2+ 34. Kc3 Bxe5+ 35. fxe5 Qe4 36. Qxf7 Qd4+ 37. Kc2 Ne3+ 38. Kd2 Nxc4+ 0-1

[Event "Sparkassen-Open A"]
[Site "Heusenstamm, Martinsee"]
[Date "2025.11.20"]
[Round "1.84"]
[White "Özdemir, Ali Özden"]
[Black "Reinhard, Ralf-Peter"]
[Result "1-0"]
[WhiteElo "2049"]
[BlackElo "1830"]
[PlyCount "81"]
[EventDate "2025.11.20"]
[WhiteTeam "SK Langen"]
[BlackTeam "SC Chessence 64 e. V."]

1. e4 e6 2. d3 c5 3. Nf3 Nc6 4. g3 d6 5. Bg2 g6 6. Bg5 Qb6 7. Nbd2 Bg7 8. Nc4 Qc7 9. a4 b6 10. O-O Bb7 11. Re1 Nge7 12. c3 O-O 13. Rc1 h6 14. Be3 d5 15. Bf4 e5 16. exd5 exf4 17. d6 Qd8 18. dxe7 Nxe7 19. Qb3 Rb8 20. Rcd1 Nf5 21. Nce5 Bd5 22. Qb5 Nd6 23. Qd7 Rb7 24. Qxd8 Rxd8 25. c4 Bxf3 26. Bxf3 Re7 27. Nc6 Rxe1+ 28. Rxe1 Rd7 29. a5 fxg3 30. hxg3 Nf5 31. Re8+ Kh7 32. a6 Rxd3 33. Nxa7 Rxf3 34. Nb5 Rd3 35. a7 Rd1+ 36. Kg2 Ra1 37. a8=Q Rxa8 38. Rxa8 Bxb2 39. Rb8 Kg7 40. Rxb6 Be5 41. Rc6 1-0

[Event "Sparkassen-Open A"]
[Site "Heusenstamm, Martinsee"]
[Date "2025.11.20"]
[Round "1.85"]
[White "Meyer-Jany, Marcel"]
[Black "Wilhelm, Jochen"]
[Result "0-1"]
[WhiteElo "1826"]
[BlackElo "2031"]
[PlyCount "50"]
[EventDate "2025.11.20"]
[WhiteTeam "SC Mattmeister Karben 1998 e.V."]
[BlackTeam "SC 1970 Lorsch"]

1. d4 d5 2. c4 e6 3. Nc3 Nf6 4. cxd5 exd5 5. Bg5 c6 6. e3 h6 7. Bh4 Bf5 8. Qb3 g5 9. Qxb7 gxh4 10. Qxa8 Qb6 11. O-O-O Bd6 12. Nf3 O-O 13. Ne5 Bxe5 14. dxe5 Ng4 15. Nxd5 cxd5 16. Bd3 Bxd3 17. Rxd3 Nxf2 18. Rb3 Qc7+ 19. Rc3 Qxe5 20. Rf1 Ne4 21. Rd3 Rc8+ 22. Kb1 Qc7 23. Rc3 Nxc3+ 24. bxc3 Nc6 25. Rxf7 Kxf7 0-1

[Event "Sparkassen-Open A"]
[Site "Heusenstamm, Martinsee"]
[Date "2025.11.20"]
[Round "1.86"]
[White "Thomas, Tobias"]
[Black "Wang, Simon"]
[Result "1/2-1/2"]
[WhiteElo "1994"]
[BlackElo "1824"]
[PlyCount "62"]
[EventDate "2025.11.20"]
[WhiteTeam "SK Langen"]
[BlackTeam "SF Dachau 1932 e.V."]

1. e4 c6 2. Nf3 d5 3. Nc3 Bg4 4. h3 Bxf3 5. Qxf3 dxe4 6. Nxe4 e6 7. Be2 Nd7 8. O-O Ngf6 9. Rd1 Nxe4 10. Qxe4 Nf6 11. Qf3 Bd6 12. d4 h6 13. c4 O-O 14. b3 Qe7 15. Bd3 Rfd8 16. g4 Nh7 17. Bxh7+ Kxh7 18. Re1 Qc7 19. g5 Bh2+ 20. Kh1 hxg5 21. Qe4+ f5 22. Qxe6 Re8 23. Qxf5+ g6 24. Rxe8 Rxe8 25. Qf6 Re1+ 26. Kg2 Rg1+ 27. Kf3 Qd7 28. Ke2 Qxh3 29. Qf7+ Kh6 30. Qf8+ Kh7 31. Qf7+ Kh6 1/2-1/2

[Event "Sparkassen-Open A"]
[Site "Heusenstamm, Martinsee"]
[Date "2025.11.20"]
[Round "1.87"]
[White "Janknecht, Eckart"]
[Black "Woestmann, Ulrich"]
[Result "0-1"]
[WhiteElo "1823"]
[BlackElo "2042"]
[PlyCount "78"]
[EventDate "2025.11.20"]
[WhiteTeam "Kölner SK Dr. Lasker 186"]
[BlackTeam "SV Ahlen 1954 e. V."]

1. e4 c5 2. Na3 Nc6 3. Bb5 Nd4 4. Nf3 Nxb5 5. Nxb5 d6 6. O-O e5 7. d3 h6 8. Qe2 Nf6 9. h3 Be7 10. a4 O-O 11. Bd2 b6 12. Nh2 a6 13. Nc3 Be6 14. f4 exf4 15. Bxf4 d5 16. e5 Nh7 17. Qh5 Bg5 18. Bxg5 Qxg5 19. Qxg5 Nxg5 20. h4 Nh7 21. Ne2 d4 22. Nf4 Rfe8 23. c3 Rad8 24. Nf3 Bg4 25. Nh2 Bc8 26. Rae1 dxc3 27. bxc3 g5 28. hxg5 hxg5 29. Nh5 Rxd3 30. Nf6+ Nxf6 31. exf6 Rxe1 32. Rxe1 Be6 33. Nf3 Rd5 34. Rb1 g4 35. Ne1 g3 36. Nf3 Rd3 37. Kf1 Bc4 38. Ke1 b5 39. Ne5 Re3+ 0-1

[Event "Sparkassen-Open A"]
[Site "Heusenstamm, Martinsee"]
[Date "2025.11.20"]
[Round "1.88"]
[White "Villwock, Martin"]
[Black "Schellen, Sven"]
[Result "1/2-1/2"]
[WhiteElo "2041"]
[BlackElo "1822"]
[PlyCount "59"]
[EventDate "2025.11.20"]
[WhiteTeam "Schachfreunde Essen-Katernberg 0"]
[BlackTeam "SV Frankfurt Nord 1926"]

1. e4 e5 2. Nf3 Nc6 3. Bb5 Nf6 4. d3 Bc5 5. c3 d6 6. Bg5 h6 7. Bh4 Bd7 8. Nbd2 O-O 9. h3 Re8 10. Qe2 a5 11. g4 Ne7 12. Bxd7 Nxd7 13. O-O-O Nf8 14. d4 exd4 15. cxd4 Bb6 16. Nc4 Ra6 17. Nxb6 Rxb6 18. d5 Qd7 19. Bxe7 Qxe7 20. Rhe1 Ng6 21. Nd4 Nf4 22. Qd2 Qg5 23. Re3 Rb4 24. Kc2 Ng2 25. Rg3 Qxd2+ 26. Rxd2 Nf4 27. Re3 Ng2 28. Rg3 Nf4 29. Re3 Ng2 30. Rg3 1/2-1/2

[Event "Sparkassen-Open A"]
[Site "Heusenstamm, Martinsee"]
[Date "2025.11.20"]
[Round "1.89"]
[White "Chaganti, Prahasith Reddy"]
[Black "Schlößner, Henrik"]
[Result "1/2-1/2"]
[WhiteElo "1820"]
[BlackElo "2040"]
[PlyCount "55"]
[EventDate "2025.11.20"]
[WhiteTeam "Mönchengladbacher SV 1"]
[BlackTeam "SK Gründau"]

1. e4 c6 2. d4 d5 3. exd5 cxd5 4. Bd3 Nc6 5. c3 Nf6 6. h3 e6 7. Bf4 Bd6 8. Bxd6 Qxd6 9. Nf3 O-O 10. O-O Re8 11. Re1 e5 12. dxe5 Nxe5 13. Nxe5 Rxe5 14. Rxe5 Qxe5 15. Nd2 Bd7 16. Nf3 Qc7 17. Qb3 Re8 18. Nd4 a6 19. Rd1 b5 20. Bf5 Bxf5 21. Nxf5 Qf4 22. Ne3 Ne4 23. Qc2 Nf6 24. Qe2 g6 25. b4 Qe5 26. Rd3 Kg7 27. Qf3 Rc8 28. Nxd5 1/2-1/2

[Event "Sparkassen-Open A"]
[Site "Heusenstamm, Martinsee"]
[Date "2025.11.20"]
[Round "1.90"]
[White "Heindrich, Mark"]
[Black "Rose, Torsten"]
[Result "1-0"]
[WhiteElo "2038"]
[BlackElo "1818"]
[PlyCount "65"]
[EventDate "2025.11.20"]
[WhiteTeam "SAbt TuS Dotzheim"]
[BlackTeam "SV Königsjäger Süd-West e.V."]

1. e4 e6 2. Qe2 Nc6 3. c3 e5 4. Nf3 Nf6 5. d3 Be7 6. Nbd2 O-O 7. Nc4 d6 8. g3 h6 9. Bg2 Nh7 10. Ne3 Ng5 11. h4 Nxf3+ 12. Qxf3 Re8 13. Nf5 Bf8 14. Be3 Kh7 15. h5 Qf6 16. g4 Ne7 17. O-O-O Be6 18. Kb1 d5 19. Qg3 Bxf5 20. exf5 Qd6 21. f4 f6 22. Bc1 d4 23. c4 Rab8 24. Rhe1 Nc6 25. g5 fxg5 26. fxg5 hxg5 27. Qxg5 Qf6 28. Qg4 Be7 29. Be4 Kh8 30. h6 gxh6 31. Rh1 Bf8 32. Rdg1 Ne7 33. Qh5 1-0

[Event "Sparkassen-Open A"]
[Site "Heusenstamm, Martinsee"]
[Date "2025.11.20"]
[Round "1.91"]
[White "Börsch, Dieter"]
[Black "Steigleder, Maximilian"]
[Result "0-1"]
[WhiteElo "1816"]
[BlackElo "2037"]
[PlyCount "64"]
[EventDate "2025.11.20"]
[WhiteTeam "SK Bad Homburg 1927"]
[BlackTeam "Sfr.1932 Kelkheim"]

1. d4 Nf6 2. c4 g6 3. Nc3 Bg7 4. e4 d6 5. Nf3 O-O 6. Be2 Nbd7 7. O-O e5 8. Be3 Qe7 9. dxe5 dxe5 10. Qc2 c6 11. Rfd1 Nh5 12. Ne1 Nf4 13. Bf1 Nc5 14. f3 Nce6 15. g3 Nd4 16. Qf2 Nfe6 17. Nd3 f5 18. Bg2 Bd7 19. Nxe5 Bxe5 20. Bxd4 Bxd4 21. Rxd4 Nxd4 22. Qxd4 fxe4 23. Nxe4 Bf5 24. c5 Bxe4 25. fxe4 Rad8 26. Qe3 Qe5 27. Qb3+ Rf7 28. Qc2 Qd4+ 29. Kh1 Qf2 30. Qc3 Rd2 31. Rf1 Qd4 32. Qa5 Rd1 0-1

[Event "Sparkassen-Open A"]
[Site "Heusenstamm, Martinsee"]
[Date "2025.11.20"]
[Round "1.92"]
[White "Schreidl, Michael"]
[Black "Morgenroth, Fabian"]
[Result "1/2-1/2"]
[WhiteElo "2027"]
[BlackElo "1816"]
[PlyCount "108"]
[EventDate "2025.11.20"]
[WhiteTeam "SK Frankenthal"]
[BlackTeam "SC Turm Breuberg"]

1. Nf3 d5 2. g3 Nf6 3. Bg2 c5 4. O-O e6 5. d4 Nc6 6. c4 cxd4 7. Nxd4 Be7 8. Nc3 O-O 9. cxd5 exd5 10. Bf4 a6 11. Rc1 Bg4 12. Nb3 d4 13. Na4 Nd5 14. Bd2 d3 15. f3 dxe2 16. Qxe2 Bh5 17. Kh1 Re8 18. Rfe1 Bb4 19. Qf1 Bxd2 20. Rxe8+ Qxe8 21. Nxd2 Ne3 22. Qg1 Nxg2 23. Qxg2 Qe3 24. g4 Rd8 25. Nb3 Bg6 26. h4 h5 27. Nac5 hxg4 28. fxg4 Ne5 29. h5 Bh7 30. g5 Bf5 31. Rf1 Bh3 32. Qg1 Qxg1+ 33. Rxg1 Nf3 34. Rc1 Re8 35. Nd3 Re2 36. Rc8+ Kh7 37. g6+ fxg6 38. hxg6+ Kxg6 39. Nf4+ Kh7 40. Nxe2 Bxc8 41. Kg2 Ne5 42. Nbd4 Kg6 43. Nf4+ Kg5 44. Kg3 Kh6 45. a4 g5 46. Nd5 Nc4 47. b3 Nd6 48. Nb6 Nf5+ 49. Nxf5+ Bxf5 50. b4 Kg7 51. Nc4 Bd7 52. Nd6 Bc6 53. b5 axb5 54. axb5 Bd5 1/2-1/2

[Event "Sparkassen-Open A"]
[Site "Heusenstamm, Martinsee"]
[Date "2025.11.20"]
[Round "1.93"]
[White "Einsfeld, Ben"]
[Black "Mährlein, Christoph"]
[Result "0-1"]
[WhiteElo "1815"]
[BlackElo "2024"]
[PlyCount "128"]
[EventDate "2025.11.20"]
[WhiteTeam "Sfr.Mainz 1928"]
[BlackTeam "SC Pforzheim 1906"]

1. d4 d5 2. Bf4 c6 3. e3 e6 4. c3 Bd6 5. Bg3 f5 6. Nf3 Nf6 7. Bd3 O-O 8. O-O Ne4 9. Bxe4 fxe4 10. Bxd6 Qxd6 11. Ne5 c5 12. Nd2 Nc6 13. f4 Bd7 14. dxc5 Qe7 15. Nxd7 Qxd7 16. Nb3 Qe7 17. Qe2 e5 18. g3 Rf6 19. c4 d4 20. fxe5 Rxf1+ 21. Rxf1 Qxe5 22. exd4 Nxd4 23. Nxd4 Qxd4+ 24. Kh1 Re8 25. b4 e3 26. Re1 Re7 27. Rf1 Qe4+ 28. Kg1 Rd7 29. Re1 Rd2 30. Qf1 e2 31. Qg2 Qd4+ 32. Qf2 Qxc4 33. Qe3 Qd4 34. Qxd4 Rxd4 35. Rxe2 Rxb4 36. Re8+ Kf7 37. Rb8 a5 38. a3 Rb5 39. Rc8 g5 40. Rc7+ Kg6 41. Kf2 h5 42. Ke3 Kf5 43. h3 Rb3+ 44. Kf2 a4 45. c6 bxc6 46. Rxc6 Rxa3 47. Rc5+ Ke4 48. Rxg5 Ra2+ 49. Ke1 a3 50. Ra5 Kf3 51. g4 h4 52. g5 Ra1+ 53. Kd2 a2 54. Kc2 Rg1 55. Rxa2 Rxg5 56. Ra3+ Kg2 57. Kd1 Rg3 58. Ra4 Kxh3 59. Kc2 Rb3 60. Ra8 Kg2 61. Kc1 Rc3+ 62. Kd2 Rg3 63. Ke1 h3 64. Ra2+ Kg1 0-1

[Event "Sparkassen-Open A"]
[Site "Heusenstamm, Martinsee"]
[Date "2025.11.20"]
[Round "1.94"]
[White "Eichschmied, Patrick"]
[Black "Fröhlich-Dill, Astrid"]
[Result "1-0"]
[WhiteElo "1998"]
[BlackElo "1815"]
[PlyCount "69"]
[EventDate "2025.11.20"]
[WhiteTeam "MTV Ingolstadt"]
[BlackTeam "SV 1920 Hofheim"]

1. e4 e6 2. d4 b6 3. Bd3 Bb7 4. Nf3 Nf6 5. Qe2 d5 6. e5 Ne4 7. O-O Be7 8. Ne1 f5 9. exf6 Bxf6 10. c3 Qd7 11. Nd2 Nxd2 12. Bxd2 O-O 13. f4 c5 14. Nf3 Nc6 15. dxc5 bxc5 16. Rae1 Rae8 17. Ne5 Bxe5 18. fxe5 Qe7 19. Qh5 g6 20. Qg4 Rxf1+ 21. Bxf1 Qg7 22. Qg3 Rf8 23. Bg5 Rf5 24. Bf6 Rxf6 25. exf6 Qxf6 26. Qd6 Nd8 27. Qxc5 e5 28. Qxa7 e4 29. Be2 Bc8 30. Rf1 Qd6 31. a4 Be6 32. a5 Qd7 33. Qxd7 Bxd7 34. a6 Kg7 35. b4 1-0

[Event "Sparkassen-Open A"]
[Site "Heusenstamm, Martinsee"]
[Date "2025.11.20"]
[Round "1.95"]
[White "Gernert, Tomas"]
[Black "Bräutigam, Thomas"]
[Result "1/2-1/2"]
[WhiteElo "1810"]
[BlackElo "2016"]
[PlyCount "82"]
[EventDate "2025.11.20"]
[WhiteTeam "KS Ricany 1925"]
[BlackTeam "SC 1957 Bad Königshofen e.V."]

1. e4 c5 2. Nf3 e6 3. b3 Nf6 4. e5 Nd5 5. c4 Ne7 6. Nc3 Ng6 7. Ne4 Nc6 8. Ba3 Qb6 9. Bb2 Be7 10. Be2 O-O 11. O-O Qc7 12. d4 cxd4 13. Nxd4 Qxe5 14. Nxc6 Qxb2 15. Nxe7+ Nxe7 16. Nd6 Nc6 17. Bh5 g6 18. Bf3 Rd8 19. c5 Rb8 20. Bxc6 bxc6 21. Qf3 f5 22. Qf4 Ba6 23. Rfe1 Qa3 24. Rac1 Bb5 25. Rc2 a5 26. g4 Qb4 27. Qxb4 axb4 28. gxf5 gxf5 29. Rd2 Kg7 30. Nxb5 Rxb5 31. Rxe6 dxe6 32. Rxd8 Rxc5 33. Rb8 Rc1+ 34. Kg2 c5 35. Rb7+ Kg6 36. Re7 Re1 37. Rc7 Re5 38. Kf3 h6 39. Kf4 Rd5 40. Rc6 Kf6 41. Ke3 Ke7 1/2-1/2

[Event "Sparkassen-Open A"]
[Site "Heusenstamm, Martinsee"]
[Date "2025.11.20"]
[Round "1.96"]
[White "Kutzner, Joachim"]
[Black "Nguyen, Minh An"]
[Result "1-0"]
[WhiteElo "1999"]
[BlackElo "1768"]
[PlyCount "47"]
[EventDate "2025.11.20"]
[WhiteTeam "SC Erkrath 1973"]
[BlackTeam "SV 1920 Hofheim"]

1. e4 c5 2. Nf3 d6 3. c3 Nf6 4. g3 Nbd7 5. Qe2 Qc7 6. Bg2 e5 7. O-O Be7 8. d4 cxd4 9. cxd4 b6 10. Nc3 a5 11. Rd1 Ba6 12. Nb5 Qc6 13. a4 O-O 14. Bg5 Rac8 15. Bh3 Rfd8 16. Rac1 Bxb5 17. axb5 Qb7 18. Rxc8 Qxc8 19. dxe5 dxe5 20. Nxe5 Qc5 21. Nc6 Re8 22. Be3 Qh5 23. Qxh5 Nxh5 24. Bxd7 1-0

[Event "Sparkassen-Open A"]
[Site "Heusenstamm, Martinsee"]
[Date "2025.11.20"]
[Round "1.97"]
[White "Graschdankin, Roman"]
[Black "Schröder, Jürgen"]
[Result "1-0"]
[WhiteElo "1801"]
[BlackElo "2013"]
[PlyCount "139"]
[EventDate "2025.11.20"]
[WhiteTeam "SK Bad Homburg 1927"]
[BlackTeam "SC Matt im Park Ffm"]

1. e4 g6 2. d4 Bg7 3. Nf3 d6 4. h3 Nf6 5. Nc3 a6 6. b3 b5 7. Bd3 Bb7 8. Qe2 O-O 9. Bb2 c5 10. dxc5 dxc5 11. O-O Nc6 12. a4 b4 13. Nb1 Nh5 14. Bxg7 Kxg7 15. Qe3 Nd4 16. Nbd2 Nxf3+ 17. Nxf3 Qc7 18. Rfe1 Rad8 19. Rad1 Nf4 20. Bc4 Bc8 21. Rxd8 Rxd8 22. Ng5 f6 23. Nf3 e5 24. Nh2 Qd6 25. Ng4 h5 26. Nh2 Be6 27. Bf1 Rd7 28. Nf3 g5 29. g3 Ng6 30. Kh2 Bf7 31. Be2 Qc6 32. Nd2 Nf8 33. h4 Nh7 34. Bd3 Qd6 35. Nf3 g4 36. Nd2 Qd4 37. Qe2 Be6 38. f3 Nf8 39. fxg4 Bxg4 40. Nf3 Qc3 41. Rf1 Ne6 42. Qf2 Rd6 43. Nd2 Nd4 44. Nc4 Nf3+ 45. Kg2 Rxd3 46. cxd3 Qxd3 47. Qe3 Qxe3 48. Nxe3 Nd2 49. Rf2 Nxe4 50. Nxg4 hxg4 51. Rc2 f5 52. Re2 Kf6 53. Re3 Ke6 54. Rd3 Nd6 55. Kf2 Ne4+ 56. Kg2 Nd6 57. Kf2 a5 58. Rd1 Ne4+ 59. Kg2 Nd6 60. Kf2 c4 61. bxc4 Nxc4 62. Rc1 Kd5 63. h5 Nd6 64. h6 Ne4+ 65. Ke3 Nf6 66. Rc8 Ke6 67. Ra8 Kf7 68. Rxa5 Kg6 69. Rxe5 Nd7 70. Re6+ 1-0

[Event "Sparkassen-Open A"]
[Site "Heusenstamm, Martinsee"]
[Date "2025.11.20"]
[Round "1.98"]
[White "Calvi, Stefan"]
[Black "Mehlen, Theodor"]
[Result "1-0"]
[WhiteElo "2008"]
[BlackElo "1807"]
[PlyCount "77"]
[EventDate "2025.11.20"]
[WhiteTeam "SV Oberursel"]
[BlackTeam "SC Matt im Park Ffm"]

1. e4 c5 2. d4 cxd4 3. Qxd4 Nc6 4. Qd3 d6 5. Nf3 g6 6. Nc3 Bg7 7. Be2 Nf6 8. Nd5 h6 9. c3 Bg4 10. O-O O-O 11. Nxf6+ exf6 12. Rd1 Qe7 13. h3 f5 14. hxg4 fxe4 15. Qxd6 exf3 16. Qxe7 Nxe7 17. Bxf3 Nc6 18. Bxc6 bxc6 19. Bf4 Rfe8 20. Re1 g5 21. Rxe8+ Rxe8 22. Be3 Rb8 23. b3 a5 24. Rc1 a4 25. b4 Rd8 26. Kf1 Kf8 27. Ke2 Ke7 28. c4 Rb8 29. Rb1 Kd7 30. b5 cxb5 31. cxb5 Kc8 32. Kd3 Kb7 33. Kc4 Bf8 34. Kd5 Rd8+ 35. Ke4 Bg7 36. Rb4 Rc8 37. Rxa4 Re8+ 38. Kf3 Be5 39. Ra7+ 1-0

[Event "Sparkassen-Open A"]
[Site "Heusenstamm, Martinsee"]
[Date "2025.11.20"]
[Round "1.99"]
[White "Michalski, Uwe"]
[Black "Junker, Christian"]
[Result "0-1"]
[WhiteElo "1800"]
[BlackElo "2008"]
[PlyCount "68"]
[EventDate "2025.11.20"]
[WhiteTeam "Sfr.Mainz 1928"]
[BlackTeam "SV 1926 Neu-Isenburg"]

1. e4 d6 2. f4 g6 3. Nc3 Bg7 4. h4 h5 5. d3 e5 6. Nf3 Bg4 7. Be2 Nd7 8. Be3 c6 9. fxe5 dxe5 10. Qd2 Ngf6 11. O-O-O b5 12. Bg5 Qa5 13. Nh2 Be6 14. Bf3 b4 15. Nb1 Qxa2 16. Qxb4 Bf8 17. Qc3 Nh7 18. Be3 Rb8 19. b3 Bxb3 20. cxb3 Rxb3 21. Qxb3 Qxb3 22. Rd2 Bb4 23. Rc2 O-O 24. Rd1 Rb8 25. Nf1 Ba5 26. Nfd2 Qb5 27. Bxa7 Rb7 28. Bf2 Nhf8 29. d4 Ne6 30. d5 Nf4 31. Rf1 c5 32. g4 Nd3+ 33. Kd1 Qa4 34. Be2 Nb4 0-1